Az elcserélt fejek
Elmentve itt :
| Szerző: | |
|---|---|
| További közreműködők: | |
| Adatforrás: | Philobibl |
| Dokumentumtípus: | Könyv |
| Nyelv: | magyar |
| Megjelent: |
Budapest
Magyar Helikon
1957
|
| Sorozat: | Új Elzevir könyvtár
|
| LEADER | 00532nam a2200169 c 4500 | ||
|---|---|---|---|
| 001 | bibPHI0035055 | ||
| 005 | 20200924123428.1 | ||
| 008 | 090925s1957 hu hun | ||
| 100 | 1 | |a Mann, Thomas | |
| 245 | 1 | 3 | |a Az elcserélt fejek |c Thomas Mann ; [ford. Horvát Henrik ; utószó Heller Ágnes ; jegyz. Töttösy Csaba] |
| 260 | |a Budapest |b Magyar Helikon |c 1957 | ||
| 300 | |a 235 p. | ||
| 490 | 1 | |a Új Elzevir könyvtár |v 1. | |
| 700 | 1 | |a Horvát Henrik | |
| 700 | 1 | |a Heller Ágnes | |
| 700 | 1 | |a Töttösy Csaba | |
| 830 | 0 | |a Új Elzevir könyvtár | |